Cuaderno de bitácora / (Record no. 183012)

MARC details
000 -LEADER
campo de control de longitud fija 01227nam a22003373i 4500
001 - NÚMERO DE CONTROL
campo de control 183012
003 - IDENTIFICADOR DE NÚMERO DE CONTROL
campo de control SpMaBN
005 - FECHA Y HORA DE LA ÚLTIMA TRANSACCIÓN
campo de control 20250720092501.0
008 - DATOS DE LONGITUD FIJA--INFORMACIÓN GENERAL
campo de control de longitud fija 230714e2007 sp | |||| 000 p spa
017 ## - NÚMERO DE COPYRIGHT O DE DEPÓSITO LEGAL
Número de copyright o de depósito legal M 52024-2007
Agencia que asigna Oficina Depósito Legal Madrid
020 ## - NÚMERO INTERNACIONAL ESTÁNDAR DEL LIBRO
Número Internacional Estándar del Libro 9788496464711
Información calificativa 14,24 €
-- Proveedor: Amazon
035 ## - NÚMERO DE CONTROL DEL SISTEMA
Número de control de sistema (OCoLC)227029029
035 ## - NÚMERO DE CONTROL DEL SISTEMA
Número de control de sistema FF3360348
040 ## - FUENTE DE CATALOGACIÓN
Centro catalogador/agencia de origen SpMaBN
Lengua de catalogación spa
Centro/agencia transcriptor SpMaBN
Normas de descripción rdc
Centro/agencia modificador Es-MaACL
080 ## - NÚMERO DE LA CLASIFICACIÓN DECIMAL UNIVERSAL
Número de la Clasificación Decimal Universal 821.134.2-14"19"
100 1# - ENTRADA PRINCIPAL--NOMBRE DE PERSONA
Nombre de persona Lucía Megías, José Manuel,
Fechas asociadas al nombre 1967-
Número de control del registro de autoridad o número normalizado XX1067264
9 (RLIN) 240291
245 10 - MENCIÓN DEL TÍTULO
Título Cuaderno de bitácora /
Mención de responsabilidad, etc. José Manuel Lucía Megías ; prólogo de J. Francisco Peña.
250 ## - MENCION DE EDICION
Mención de edición 1ª ed.
260 ## - PUBLICACIÓN, DISTRIBUCIÓN, ETC.
Lugar de publicación, distribución, etc. Madrid :
Nombre del editor, distribuidor, etc. SIAL,
Fecha de publicación, distribución, etc. [2007]
300 ## - DESCRIPCIÓN FÍSICA
Extensión 119 páginas ;
Dimensiones 21 cm
490 1# - MENCIÓN DE SERIE
Mención de serie Contrapunto ;
Designación de volumen o secuencia 46
655 #4 - TERMINO DE INDIZACIÓN--GENERO/FORMA
Datos o término principal de género/forma Poesías
Fuente del término tgfbne
9 (RLIN) 176539
700 1# - ENTRADA AGREGADA--NOMBRE PERSONAL
Nombre de persona Peña, J. Francisco
Término indicativo de función/relación Autor de introducción
9 (RLIN) 90224
830 #0 - PUNTO DE ACCESO ADICIONAL DE SERIE-TÍTULO UNIFORME
Título uniforme Contrapunto (Madrid) ;
Designación de volumen o secuencia 46
9 (RLIN) 233734
852 ## - LOCALIZACIÓN
Ubicación ES-MaACL
Sublocalización o colección R. 154450
Ubicación en estantería Depósito J
Donativo/Legado Donación: José Manuel Lucía Megías
Número de control de estantería N-9082
itemnumber 200398
903 ## - NOMBRE PERSONAL DE DONANTE
a Lucía Megías, José Manuel,
d 1967-
e Donante
9 240291
942 ## - ELEMENTOS DE ENTRADA SECUNDARIOS (KOHA)
Tipo de ítem Koha Libro impreso
Suprimir en OPAC No
Holdings
Estatus retirado Estado de pérdida Fuente del sistema de clasificación o colocación Estado de daño No para préstamo Biblioteca de origen Biblioteca actual Ubicación en estantería Fecha de adquisición Fuente de adquisición Número de control de estantería Total de préstamos Signatura topográfica completa Código de barras Visto por última vez Precio de reemplazo Tipo de ítem Koha
    Clasificación decimal universal     Biblioteca del Ateneo de Madrid Biblioteca del Ateneo de Madrid Depósito J 23/06/2023 Donación Ateneísta   N-9082 101205691 27/07/2023 27/07/2023 Libro impreso